Antología de poetas y prosistas españoles (Record no. 4710)

MARC details
000 -LEADER
campo de control de longitud fija 00929nmm a2200313 a 4500
003 - IDENTIFICADOR DE NÚMERO DE CONTROL
campo de control AR-BaBNM
005 - FECHA Y HORA DE LA ÚLTIMA TRANSACCIÓN
campo de control 20251128203732.0
008 - DATOS DE LONGITUD FIJA--INFORMACIÓN GENERAL
campo de control de longitud fija 016119s1937 ||||||||||||||000 | spa||
040 ## - FUENTE DE CATALOGACIÓN
Centro/agencia transcriptor AR-BaBNM
245 10 - MENCIÓN DEL TÍTULO
Título Antología de poetas y prosistas españoles
Resto del título el teatro : siglos XVI-XIX. 3
260 ## - PUBLICACIÓN, DISTRIBUCIÓN, ETC.
Lugar de publicación, distribución, etc. Buenos Aires
Nombre del editor, distribuidor, etc. Ediciones Anaconda
Fecha de publicación, distribución, etc. 1937
300 ## - DESCRIPCIÓN FÍSICA
Extensión 682 p.
500 ## - NOTA GENERAL
Nota general Contiene biografías de los autores al comienzo de cada capítulo
650 #4 - PUNTO DE ACCESO ADICIONAL DE MATERIA--TÉRMINO DE MATERIA
Término de materia o nombre geográfico como elemento de entrada LITERATURA ESPANOLA
650 #4 - PUNTO DE ACCESO ADICIONAL DE MATERIA--TÉRMINO DE MATERIA
Término de materia o nombre geográfico como elemento de entrada TEATRO NACIONAL
650 #4 - PUNTO DE ACCESO ADICIONAL DE MATERIA--TÉRMINO DE MATERIA
Término de materia o nombre geográfico como elemento de entrada CRISTIANISMO
650 #4 - PUNTO DE ACCESO ADICIONAL DE MATERIA--TÉRMINO DE MATERIA
Término de materia o nombre geográfico como elemento de entrada SIGLO DIECINUEVE
653 ## - TÉRMINO DE INDIZACIÓN--NO CONTROLADO
Término no controlado SIGLO DE ORO ESPANOL
653 ## - TÉRMINO DE INDIZACIÓN--NO CONTROLADO
Término no controlado INFLUENCIA CLASICA
655 ## - TERMINO DE INDIZACIÓN--GENERO/FORMA
Datos o término principal de género/forma LITERATURA
700 1# - ENTRADA AGREGADA--NOMBRE PERSONAL
Nombre de persona Beltrán, Oscar R.
700 0# - ENTRADA AGREGADA--NOMBRE PERSONAL
Nombre de persona Tirso de Molina
700 1# - ENTRADA AGREGADA--NOMBRE PERSONAL
Nombre de persona Calderón de la Barca, Pedro
700 1# - ENTRADA AGREGADA--NOMBRE PERSONAL
Nombre de persona Zorrilla, José
700 1# - ENTRADA AGREGADA--NOMBRE PERSONAL
Nombre de persona Rojas Zorrilla, Francisco de
700 1# - ENTRADA AGREGADA--NOMBRE PERSONAL
Nombre de persona Tamayo y Baus, Manuel
942 ## - ELEMENTOS DE ENTRADA SECUNDARIOS (KOHA)
Tipo de ítem Koha Libros
998 ## - INFORMACIÓN DE CONTROL LOCAL (RLIN)
Iniciales del catalogador, CIN (RLIN) isola
Holdings
Estatus retirado Estado de pérdida Fuente de la clasificación o esquema de estantería Estado de daño Restricciones de uso No para préstamo Biblioteca de origen Biblioteca actual Fecha de adquisición Total de préstamos Signatura topográfica completa Código de barras Visto por última vez Precio de reemplazo Tipo de ítem Koha
    Clasificación Decimal Dewey   Acceso restringido No para préstamo Liberty Liberty 28/11/2025   860-82 BEL 3 061762 28/11/2025 28/11/2025 Libros